000 00412pab a2200145 454500
008 180718b1987 xxu||||| |||| 00| 0 eng d
100 _aSharma, Hira Lal
245 _aA regression analysis of the determinants of rural out - migration at village level
260 _c1987
300 _a386-95
362 _aJuly
650 _aRural - Urban Migration
773 _aJournal of Rural Development
909 _a17632
999 _c17632
_d17632